[Event "United Insurance 6th"]
[Site "Dhaka"]
[Date "2003.03.17"]
[Round "10"]
[White "Dzhumaev, Marat"]
[Black "Rahman, Ziaur"]
[Result "1-0"]
[WhiteElo "2507"]
[BlackElo "2542"]
[Annotator "Horn,Peter"]
[PlyCount "75"]
[EventDate "2003.03.08"]
[EventType "tourn"]
[EventRounds "13"]
[EventCountry "BAN"]
[EventCategory "9"]
[SourceTitle "CBM 095"]
[Source "ChessBase"]
[SourceDate "2003.07.25"]
[SourceVersion "1"]
[SourceVersionDate "2003.07.25"]
[SourceQuality "1"]

1. e4 c5 2. Nf3 e6 3. d3 d5 4. Nbd2 Nc6 5. g3 Bd6 6. Bg2 Nge7 7. O-O O-O 8. Qe2 ({Die Hauptfortsetzungen sind} 8. Nh4) ({und} 8. Re1) ({RR} 8. b3 a5 9. a4 Rb8 10. Bb2 Qc7 11. Qe2 f6 12. Nb1 b5 13. axb5 Rxb5 14. Nc3 Rb8 15. d4 Qa7 16. exd5 exd5 17. dxc5 Bxc5 18. Rfd1 Nb4 19. Na4 Bd6 20. c4 Kh8 21. Nd4 Bd7 22. Nb5 Bxb5 {Dzhumaev,M (2527)-Galappaththi,C (2167) Vishakapatnam 2008 1-0 (71)}) 8... Bc7 ({Früher spielte man einige Male} 8... Qc7 9. Re1 f6 10. c3 d4 {. Diese Stellung kann auch nach 8.e1 entstehen.}) ({RR} 8... Qc7 9. c3 Bd7 10. a3 f5 11. Re1 fxe4 12. dxe4 c4 13. Nf1 b5 14. Be3 Rad8 15. Rad1 h6 16. exd5 exd5 17. Nd4 Ne5 18. Bf4 Rxf4 19. gxf4 Nd3 20. Rxd3 cxd3 21. Qxd3 Rf8 22. Nxb5 Bxb5 23. Qxb5 {Maze,S (2550)-Piorun,K (2551) Germany 2014 ½-½ (57)}) ({RR} 8... f6 9. c3 Bc7 10. Re1 d4 11. cxd4 cxd4 12. a3 e5 13. b4 a5 14. b5 Na7 15. a4 Be6 16. Ba3 Bd6 17. Rec1 Bxa3 18. Rxa3 Nac8 19. Nc4 Nb6 20. Nfd2 Rc8 21. Raa1 Nd7 22. f4 b6 23. Rc2 {Dragomirescu,R (2347)-Lorenzo de la Riva,L (2415) chess.com INT 2024 ½-½ (59)}) 9. c3 b6 10. d4 $146 (10. Ne1 Ba6 11. f4 dxe4 12. Qxe4 Qd7 $132 {Karnik,P-Haba,P/Pardubice 2002}) ({RR} 10. a3 a5 11. Rd1 Ba6 12. Nf1 Ng6 13. exd5 exd5 14. Qc2 Qd7 15. d4 c4 16. Ne3 Nge7 17. Bd2 h6 18. Re1 Rad8 19. Rad1 b5 20. Bc1 Bb7 21. Bf1 a4 22. Ng2 Ng6 23. h4 Rfe8 24. h5 Nf8 {Diesen,B (2263)-Bjerke,S (2071) Norway 2002 1-0 (73)}) ({RR} 10. Ne1 Ba6 11. f4 dxe4 12. Qxe4 Qd7 13. Nc4 Rad8 14. Be3 Bb7 15. Ne5 Bxe5 16. fxe5 Na5 17. Qg4 Bxg2 18. Nxg2 Nac6 19. d4 cxd4 20. cxd4 Nf5 21. Rad1 Qd5 22. Bg5 Ncxd4 23. Rde1 Rc8 24. Nf4 Qa8 {Karnik,P (2372)-Haba,P (2531) Pardubice 2002 0-1 (36)}) 10... cxd4 11. Nxd4 Nxd4 12. cxd4 a5 $1 13. Rd1 Ba6 14. Qh5 Bd3 (14... Rc8) 15. a4 {[%cal Ya1a3]} Rc8 (15... Bc2 16. Re1 Bd6 17. exd5 (17. e5 Bb4 $17) 17... Bg6 $132) 16. Ra3 Bc2 17. Re1 Bd6 (17... dxe4 $2 18. Rc3 Bxa4 19. Bxe4 $44 {Für den  hat Weiß Angriffschancen.}) 18. Rae3 $2 (18. Rc3 $142 $15) 18... Bb4 (18... Bxa4 19. g4 (19. Nf3) 19... Bb4 20. Rh3 h6 21. Nf3 Bxe1 22. Bxh6) 19. g4 {[%cal Ye3h3] ein verzweifelter Versuch} (19. exd5 Bg6 20. Qe2 Nxd5 21. Re5 Nf6 $19) 19... Ng6 20. Rh3 h6 21. Nf3 Bxe4 $2 ({einfach} 21... Bxe1 {scheint zu gewinnen:} 22. Bxh6 (22. Nxe1 Bxe4 23. Bxh6 gxh6 $19) 22... gxh6 23. Qxh6 Re8 24. Ne5 Bxf2+ $1 25. Kxf2 (25. Kh1 Nh4 $19) (25. Kf1 Bh4 26. Nxg6 Qf6+ $19) 25... Qf6+ $19) 22. Bxh6 gxh6 23. Qxh6 Re8 24. Ne5 $1 {Nun hat sich die Lage gedreht.} Qf6 25. Qh7+ Kf8 26. Nd7+ Ke7 27. Nxf6 Bxg2 (27... Rh8 28. Qg7 Rxh3 29. Bxe4 dxe4 30. Rxe4 $18) 28. Kxg2 Bxe1 29. Nxe8 Nf4+ 30. Kf3 Nxh3 31. Qxh3 Kxe8 32. Qh8+ Kd7 33. Qg7 Ke7 34. Ke2 Bb4 35. Kd3 Bd6 36. h4 {Gegen den Vormarsch ist kein Kraut gewachsen.} Ke8 37. h5 Bf8 38. Qg8 1-0

[Event "Internet Section 15-A"]
[Site "Dos Hermanas"]
[Date "2003.03.15"]
[Round "5"]
[White "Nogueiras Santiago, Jesus"]
[Black "Krivoshey, Sergei"]
[Result "1-0"]
[WhiteElo "2528"]
[BlackElo "2503"]
[PlyCount "145"]
[EventDate "2003.03.15"]
[EventType "swiss (blitz)"]
[EventRounds "9"]
[EventCountry "ESP"]
[SourceTitle "EXT 2004"]
[Source "ChessBase"]
[SourceDate "2003.11.25"]
[SourceVersion "1"]
[SourceVersionDate "2003.11.25"]
[SourceQuality "1"]

1. Nf3 d5 2. b3 Bg4 3. Bb2 Bxf3 4. exf3 e6 5. f4 Nf6 6. g3 g6 7. Bg2 Bg7 8. O-O O-O 9. d4 ({RR} 9. c4 c5 10. cxd5 Nxd5 11. Bxg7 Kxg7 12. d4 Qf6 13. Bxd5 exd5 14. Nc3 Rd8 15. Qd3 Na6 16. Rfd1 Rac8 17. dxc5 Nxc5 18. Qf3 Nxb3 19. Nxd5 Rxd5 20. axb3 Rcd8 21. Rxd5 Qxa1+ 22. Kg2 Rxd5 23. Qxd5 b6 {Yue,T (2047)-Frischmann,R (2345) chess.com INT 2025 1-0 (49)}) 9... c6 ({RR} 9... Nbd7 10. Nd2 c5 11. c4 Rc8 12. Rc1 b6 13. Qe2 Re8 14. Rfd1 Qe7 15. Nf3 dxc4 16. Qxc4 Nd5 17. Ne5 Red8 18. Qa4 Nxe5 19. dxe5 Qd7 20. Qa6 Qc6 21. a4 Bf8 22. h4 h5 23. Be4 Rc7 24. Qe2 {Vitiugov,N (2678)-Niemann,H (2711) London ENG 2024 ½-½ (43)}) 10. c4 Nbd7 11. Nd2 c5 $146 ({RR} 11... Ne8 12. Nf3 Nd6 13. Qc2 Re8 14. Ne5 Nf6 15. Rfe1 Rc8 16. Rad1 Nde4 17. c5 Nd7 18. Bxe4 dxe4 19. Qxe4 Nf6 20. Qe2 Nd5 21. h4 h5 22. Nc4 Rc7 23. f5 gxf5 24. Qxh5 Qf6 25. Ne5 Qh6 26. Qf3 {Deac,B (2700)-Kushko,D (2379) chess.com INT 2023 1-0 (38)}) ({RR} 11... a5 12. Nf3 Ne4 13. Qc2 Re8 14. h4 h5 15. Ne5 Nd6 16. a4 Nf8 17. Rfd1 Nf5 18. Bc3 Qc7 19. Rab1 Rec8 20. Qd2 Nd7 21. Rdc1 Nf6 22. Qe2 Bf8 23. Ba1 Qd8 24. Rd1 b6 25. Rbc1 Qe8 26. Bf3 {Dizdarevic,E (2358)-Nikolic,P (2538) Sarajevo BIH 2023 ½-½ (85)}) 12. Nf3 dxc4 13. bxc4 cxd4 14. Nxd4 Nc5 15. Nb3 Qc7 16. Be5 Qc8 17. Nxc5 Qxc5 18. Bd6 Qxc4 19. Bxf8 Bxf8 20. Qb3 Qxb3 21. axb3 Bc5 22. Rac1 Bb6 23. Bxb7 Rb8 24. Rc8+ Rxc8 25. Bxc8 Ne4 26. b4 Kf8 27. Bb7 Nd6 28. Bc6 h5 29. Rd1 Ke7 30. Kf1 Nf5 31. Rd7+ Kf6 32. h3 Kg7 33. Be4 Nd4 34. Rb7 Kf8 35. Bd3 Nc6 36. b5 Nd8 37. Rb8 Ke7 38. Rc8 Kd7 39. Rc2 Nb7 40. Rd2 Ke7 41. Ke2 Nc5 42. Bc2 Ba5 43. Rd1 Bb6 44. Kf3 Ke8 45. Ke2 Ke7 46. Ra1 Ke8 47. f3 f5 48. g4 hxg4 49. fxg4 Ke7 50. Kf3 Nd7 51. Re1 Kd6 52. h4 Bd4 53. Rd1 Kc5 54. Bb3 e5 55. gxf5 gxf5 56. Be6 e4+ 57. Ke2 Nf6 58. Bxf5 e3 59. Bg6 Nd5 60. Kf3 Nc3 61. Rc1 Kxb5 62. h5 a5 63. h6 a4 64. Be8+ Kb4 65. h7 a3 66. Bf7 e2 67. Re1 Kc5 68. Kg4 Kd6 69. Bb3 Ke7 70. Kg5 Kf8 71. f5 Ne4+ 72. Kg6 Nc5 73. Bc4 1-0

[Event "Dubai op 5th"]
[Site "Dubai"]
[Date "2003.04.21"]
[Round "2"]
[White "Minasian, Artashes"]
[Black "Neverov, Valeriy"]
[Result "1-0"]
[WhiteElo "2555"]
[BlackElo "2583"]
[PlyCount "95"]
[EventDate "2003.04.20"]
[EventType "swiss"]
[EventRounds "9"]
[EventCountry "UAE"]
[SourceTitle "CBM 093 Extra"]
[Source "ChessBase"]
[SourceDate "2003.05.09"]
[SourceVersion "1"]
[SourceVersionDate "2003.05.09"]
[SourceQuality "1"]

1. Nf3 d5 2. b3 Nf6 3. Bb2 Bg4 4. Ne5 Bh5 5. g3 Nbd7 6. d4 ({RR} 6. Bg2 Nxe5 7. Bxe5 c6 8. O-O Nd7 9. Bb2 e5 10. d3 Bd6 11. Nd2 O-O 12. Bf3 Bxf3 13. Nxf3 f5 14. e4 Qf6 15. Nh4 g6 16. exf5 g5 17. Ng2 Qxf5 18. Ne3 Qh3 19. Qg4 Qxg4 20. Nxg4 h5 {Gonzalez,R (2483)-Le,Q (2678) ICC INT 2014 0-1 (40)}) 6... e6 7. Bg2 c5 $146 ({RR} 7... Bb4+ 8. c3 Ba5 9. O-O O-O 10. Nd3 c6 11. Nd2 Bg6 12. Nf4 Bf5 13. f3 Bc7 14. Nh3 Bxh3 15. Bxh3 e5 16. Qc2 Re8 17. e3 exd4 18. exd4 Re2 19. Rf2 Qe7 20. Qd3 Re8 21. Rxe2 Qxe2 22. Qxe2 {Juscamayta Zuegel,T (2138)-Meschke,A (2154) Illertissen 2005 0-1 (43)}) ({RR} 7... Nxe5 8. dxe5 Nd7 9. O-O c6 10. Nd2 Bc5 11. h3 Qb6 12. g4 Bg6 13. c4 h5 14. g5 O-O 15. Rc1 Bd4 16. Bxd4 Qxd4 17. cxd5 exd5 18. Nc4 Qf4 19. e3 Qf5 20. f4 dxc4 21. e4 Qe6 22. f5 {Nastase,S (1815)-Antonica,D (2366) Eforie Nord ROU 2024 0-1 (55)}) 8. O-O cxd4 9. Bxd4 Nxe5 10. Bxe5 Bd6 11. Bxd6 Qxd6 12. c4 Qe5 13. Nd2 Rd8 14. Nf3 Bxf3 15. Bxf3 O-O 16. Qd3 Rd7 17. cxd5 Nxd5 18. Qb5 Rfd8 19. Rac1 Qb8 20. Rc4 h6 21. Rfc1 Nf6 22. Kg2 b6 23. a4 Ne8 24. Rc6 Rc7 25. b4 Rxc6 26. Qxc6 Kf8 27. a5 Nd6 28. Qc7 Rc8 29. Qxb8 Rxb8 30. Rc7 Nb5 31. Rd7 bxa5 32. bxa5 a6 33. Bb7 Ke8 34. Bc6 Kf8 35. e3 g6 36. Kf3 Kg7 37. Rb7 Rxb7 38. Bxb7 Nc7 39. Ke4 Kf6 40. Kd4 Ke7 41. Kc5 Kd7 42. Kb6 Kd6 43. e4 e5 44. Bc8 Nb5 45. Bxa6 Nc3 46. Bb5 Nxe4 47. a6 Nc3 48. Bc6 1-0

[Event "Dubai op 5th"]
[Site "Dubai"]
[Date "2003.04.26"]
[Round "7"]
[White "Dizdar, Goran"]
[Black "Fedorov, Alexei"]
[Result "1-0"]
[WhiteElo "2514"]
[BlackElo "2604"]
[PlyCount "151"]
[EventDate "2003.04.20"]
[EventType "swiss"]
[EventRounds "9"]
[EventCountry "UAE"]
[SourceTitle "CBM 093 Extra"]
[Source "ChessBase"]
[SourceDate "2003.05.09"]
[SourceVersion "1"]
[SourceVersionDate "2003.05.09"]
[SourceQuality "1"]

1. Nf3 Nf6 2. g3 g6 3. b3 Bg7 4. Bb2 c5 5. Bg2 d5 6. c4 d4 7. b4 O-O 8. O-O Nfd7 9. d3 Nc6 10. bxc5 Nxc5 11. Nbd2 Rb8 12. Ba3 Qa5 13. Bxc5 Qxc5 14. Qa4 ({RR} 14. Rb1 a6 15. Rb2 b5 16. cxb5 Rxb5 17. Rc2 Qb6 18. Rxc6 Qxc6 19. Nxd4 Qb6 20. Nxb5 axb5 21. Nb3 Be6 {½-½ (21) Rademakers,E (2205)-Van Delft,M (2354) Netherlands NED 2025}) 14... Bd7 $146 ({RR} 14... Qb4 15. Qxb4 Nxb4 16. a3 Na6 17. Nb3 e5 18. Rfb1 Bd7 19. a4 h6 20. Nfd2 f5 21. Na5 Nc5 22. Bxb7 e4 23. Bc6 Rxb1+ 24. Rxb1 Bxc6 25. Nxc6 Nxa4 26. Ra1 exd3 27. exd3 Nc5 28. Ra3 a6 29. Nb3 {Dizdar,G (2500)-Wahls,M (2460) Berlin West 1988 ½-½ (51)}) ({RR} 14... Qb4 15. Qxb4 Nxb4 16. a3 Na6 17. Nb3 Rd8 18. a4 b6 19. Rfb1 Bg4 20. h3 Bxf3 21. Bxf3 Be5 22. Kf1 Nc5 23. Nxc5 bxc5 24. Rb5 Bd6 25. a5 e6 26. Bb7 Kg7 27. Rab1 f5 28. a6 Kf6 29. h4 {Schebler,G (2452)-Stokke,K (2364) Bangkok 2015 1-0 (46)}) 15. Rab1 e5 16. Ne1 f5 17. Bd5+ Kh8 18. Nc2 Rfc8 19. Qa3 Qxa3 20. Nxa3 Bf8 21. Nc2 Kg7 22. f4 exf4 23. gxf4 Re8 24. Rf2 a5 25. a3 a4 26. Nf3 Bc5 27. Bxc6 bxc6 28. Rxb8 Rxb8 29. Nfxd4 Rb3 30. Rf1 Rb2 31. Kg2 Kf6 32. Kf3 Ba7 33. Rc1 c5 34. Nb5 Bc6+ 35. Ke3 Bxb5 36. cxb5 Rxb5 37. Kf3 Rb3 38. Ne3 Rxa3 39. Rb1 Rb3 40. Ra1 a3 41. Nc4 Bb8 42. Nxa3 h6 43. Nc4 g5 44. Ra6+ Kf7 45. Rxh6 Bxf4 46. h4 Kg7 47. Rc6 Rb1 48. e3 Bh2 49. hxg5 Rg1 50. Rxc5 Rxg5 51. d4 Rg3+ 52. Kf4 Kg6 53. Rc6+ Kf7 54. Kxf5 Rh3 55. Ne5+ Ke7 56. Re6+ Kd8 57. Ke4 Bg1 58. Nc4 Kd7 59. Rg6 Bf2 60. Rg2 Bg3 61. Kd5 Rh5+ 62. Ke4 Rh3 63. Kf5 Bb8 64. Rg8 Bh2 65. Rg7+ Kc6 66. Ke4 Rh4+ 67. Kd3 Rh3 68. Rg6+ Kc7 69. d5 Rf3 70. Rg7+ Kd8 71. Kd4 Rf1 72. e4 Rd1+ 73. Kc5 Rc1 74. d6 Be5 75. Ra7 Bh2 76. Kd5 1-0

[Event "Dubai op 5th"]
[Site "Dubai"]
[Date "2003.04.29"]
[Round "9"]
[White "Anastasian, Ashot"]
[Black "Ulybin, Mikhail"]
[Result "1-0"]
[WhiteElo "2561"]
[BlackElo "2562"]
[PlyCount "101"]
[EventDate "2003.04.20"]
[EventType "swiss"]
[EventRounds "9"]
[EventCountry "UAE"]
[SourceTitle "CBM 093 Extra"]
[Source "ChessBase"]
[SourceDate "2003.05.09"]
[SourceVersion "1"]
[SourceVersionDate "2003.05.09"]
[SourceQuality "1"]

1. Nf3 c5 2. g3 b6 3. Bg2 Bb7 4. O-O g6 5. d3 Bg7 6. e4 e5 ({RR} 6... Nc6 7. Re1 e5 8. c3 Nge7 9. a3 O-O 10. b4 d6 11. Nbd2 h6 12. Bb2 f5 13. exf5 Nxf5 14. b5 Na5 15. d4 exd4 16. cxd4 Kh7 17. Rb1 c4 18. Bc3 Rc8 19. Rc1 Bxf3 20. Nxf3 Nb3 21. Rc2 {Grandelius,N (2657)-Xiong,J (2692) chess.com INT 2022 0-1 (42)}) 7. h4 $146 ({RR} 7. Re1 Ne7 8. c3 Nbc6 9. c4 O-O 10. Nc3 h6 11. Nd5 d6 12. Bd2 f5 13. Nxe7+ Nxe7 14. exf5 Nxf5 15. Bc3 Qd7 16. Nd2 Bxg2 17. Kxg2 Kh7 18. Kg1 Rae8 19. Qb3 d5 20. cxd5 b5 21. a3 a5 {Vukovic,I (2271)-Ulybin,M (2574) Oberwart 2001 0-1 (42)}) ({RR} 7. Nc3 Ne7 8. Nd2 Nbc6 9. Nc4 d6 10. f4 Nd4 11. fxe5 dxe5 12. Bg5 b5 13. Nd5 Bxd5 14. exd5 f6 15. Nxe5 O-O 16. c3 Ndf5 17. d6 Qxd6 18. Qb3+ c4 19. Qxb5 Rac8 20. Nxc4 Qxd3 21. Bf4 Qxc4 {Murzin,V (2658)-Ceres,D (2453) Darfo Boario Terme ITA 2025 ½-½ (41)}) ({RR} 7. c4 f6 8. Ne1 h5 9. f4 d6 10. h3 Nc6 11. Nf3 Nd4 12. f5 Nxf3+ 13. Bxf3 h4 14. fxg6 hxg3 15. Kg2 Ne7 16. Kxg3 f5 17. Bg5 f4+ 18. Kf2 Rxh3 19. Bg4 Rh2+ 20. Kg1 Rh8 21. Nc3 Bh6 {Hepting,H (2187)-Grosshans,R (2092) Bayern 2011 1-0 (33)}) 7... d6 8. c4 Nc6 9. Nc3 Nf6 10. Bg5 h6 11. Bxf6 Bxf6 12. Bh3 h5 13. Nd5 O-O 14. a3 Bg7 15. b4 Ne7 16. bxc5 Nxd5 17. cxd5 bxc5 18. Qa4 Bh6 19. Rab1 Qc7 20. Rb3 Bc8 21. Bxc8 Rfxc8 22. Rfb1 Rab8 23. Kg2 Rxb3 24. Rxb3 Rb8 25. Qc6 Qd8 26. Rb7 Rxb7 27. Qxb7 Qb6 28. Qc8+ Kg7 29. Qd7 Kf8 30. a4 Bc1 31. a5 Qa6 32. Qc7 Kg7 33. Qc6 Qxd3 34. Qxd6 Qxe4 35. Qxc5 Bb2 36. d6 Qd3 37. Qxa7 Qxd6 38. Qb7 Bd4 39. a6 Bb6 40. a7 Qc5 41. Qxb6 Qxb6 42. a8=Q f6 43. Qd5 Qc7 44. Nd2 Qe7 45. Ne4 Qc7 46. Qe6 Qd8 47. Nd6 Qa8+ 48. Kg1 Qa1+ 49. Kh2 Qa7 50. Ne8+ Kf8 51. Qxf6+ 1-0

[Event "POL-ch 60th"]
[Site "Warsaw"]
[Date "2003.05.04"]
[Round "13"]
[White "Markowski, Tomasz"]
[Black "Kempinski, Robert"]
[Result "1-0"]
[WhiteElo "2587"]
[BlackElo "2553"]
[Annotator "Horn,Peter"]
[PlyCount "113"]
[EventDate "2003.04.22"]
[EventType "tourn"]
[EventRounds "13"]
[EventCountry "POL"]
[EventCategory "12"]
[SourceTitle "CBM 095"]
[Source "ChessBase"]
[SourceDate "2003.07.25"]
[SourceVersion "1"]
[SourceVersionDate "2003.07.25"]
[SourceQuality "1"]

1. g3 d5 2. Nf3 c5 3. Bg2 Nf6 4. O-O b5 ({RR} 4... a6 5. d3 Nc6 6. c4 d4 7. e3 g6 8. exd4 cxd4 9. a3 a5 10. Re1 Bg7 11. Nbd2 O-O 12. Rb1 Bf5 13. Qc2 Rc8 14. Ne5 Nxe5 15. Rxe5 Qc7 16. Rb5 b6 17. b4 Bd7 18. bxa5 Bxb5 19. Rxb5 {Lazic,M (2497)-Vallejo Pons,F (2705) Gallipoli 2018 1-0 (43)}) 5. d3 $146 ({RR} 5. d4 e6 6. a4 b4 7. c4 Bb7 8. Ne5 Nc6 9. cxd5 Nxe5 10. dxe5 Nxd5 11. Nd2 Qc7 12. Nc4 Rd8 13. Qb3 Be7 14. a5 Qc8 15. f4 O-O 16. Bd2 Nc7 17. Bxb7 Qxb7 18. Qf3 Qa6 19. Rac1 Nb5 {Domont,A (2347)-Kaenel,H (2332) Switzerland 2010 1-0 (54)}) ({RR} 5. d4 c4 6. b3 Bb7 7. Ne5 Qb6 8. Nc3 cxb3 9. cxb3 e6 10. Qd3 b4 11. Na4 Qa5 12. Bd2 Nbd7 13. f4 Ba6 14. Qe3 Qb5 15. Bf3 Bd6 16. f5 O-O 17. fxe6 fxe6 18. Nc4 Bxg3 19. Qxe6+ Kh8 {Sandkamp,R (2241)-Bungarten,J (2010) Muenster 2022 0-1 (52)}) 5... e6 6. e4 dxe4 (6... Bb7 $6 7. e5 $14 {ergibt eine ungünstige Variante des Königsindischen Angriffs.}) (6... Be7 {gefällt mir besser.}) 7. Ng5 Bb7 8. Nc3 (8. a4 a6 9. Nc3 Qb6 10. Ncxe4 Nxe4 11. Nxe4 Nc6 12. Be3 Rd8 13. axb5 axb5 14. Qe1 $14 {Kalme,C-Sheppard,D/Philadelphia 1995}) 8... Be7 9. Ngxe4 Nxe4 10. Nxe4 {[%cal Re4f6] Die unmittelbare Drohung ist leicht zu parieren. Langfristiges Ziel des Weißen sind die Bauern am Damenflügel.} Nc6 (10... Qb6 {scheint mir leichter zu spielen.} 11. a4 a6) 11. a4 {[%csl Rb5,Rc5] Der thematische Vorstoß.} bxa4 {Danach hat Weiß die bessere Bauernstruktur: seine Bauern sind zusammenhängend, wogegen die schwarzen a7 und c5 vereinzelt sind.} ({Bei} 11... b4 {[%csl Gc4] entsteht eine Felderschwäche auf c4.}) (11... a6 12. Be3 $36 {nimmt den c5 aufs Korn.}) 12. Rxa4 O-O 13. Be3 $14 Qb6 14. b3 {Weiß hat die ideale Bauernstruktur am Damenflügel eingenommen. Schwarz wird bei aufmerksamen weißen Spiel kaum dazu kommen, einen seiner Schwächlinge aufzulösen.} Nb4 15. Nd2 $1 {[%csl Gc4] Verhindert die Vertreibung des a4 mit c6 nebst a7-a5-a4. Außerdem nähert der d2 sich seinem Idealfeld auf c4.} Bxg2 16. Kxg2 Qc6+ 17. Kg1 e5 18. Nc4 Qd5 19. Bd2 Nc6 20. Bc3 Rad8 21. Qe2 Rfe8 22. Qe4 {Damit neutralisiert Weiß das schwarze Gegenspiel auf der langen Diagonalen a8-h1.} Qd7 $6 {Verständlicherweise hat Schwarz die Quälerei satt und er bietet einen Bauern zur Entlastung an.} (22... Qxe4 23. dxe4 $16) 23. Ra6 ({Auch das direkte Nehmen kam in Betracht:} 23. Nxe5 Nxe5 24. Bxe5 Bd6 25. f4 $16) 23... Rc8 (23... Nd4 {scheint mir eher geeignet, Verwirrung zu stiften:} 24. Nxe5 Qc8 25. Rxa7 f5) 24. Nxe5 Nxe5 25. Bxe5 Bf6 26. f4 Bxe5 27. fxe5 Re7 28. Rd6 Qc7 29. Qd5 h6 $2 (29... Rce8 {fixierte wenigstens die einzige weiße Schwäche.}) 30. e6 fxe6 31. Rxe6 Kh8 32. Qe4 Rxe6 33. Qxe6 Rg8 34. Rf7 Qa5 35. Qe5 a6 36. Kg2 Qb4 37. Rf4 Qd2+ 38. Rf2 Qb4 39. Qe3 Qc3 40. Qe4 a5 41. g4 {Weiß hat alle Zeit der Welt und verbessert erst die Königsstellung.} Rd8 42. h3 Qb2 43. Qe7 Qd4 44. Re2 Rc8 45. Qe5 {Da Weiß sich sicher ist, das Turmendspiel zu gewinnen (neben dem Mehrbauern fallen die schwachen schwarzen Bauern ins Gewicht), kann er mit Abtauschdrohungen die Position seiner Schwerfiguren schrittweise verbessern.} Qd7 46. Re4 Qc6 47. Qe6 Qc7 48. Qe7 Qc6 49. Kg3 Qb6 50. Qe6 Qc7+ 51. Qe5 Qb6 52. Qf5 Qb8+ 53. Qf4 Qb6 54. Kh2 Rd8 55. Re7 Rc8 56. Qe5 Rg8 ({Mit} 56... Qb8 {konnte Schwarz in ein verlorenes Turmendspiel überleiten.}) 57. Re6 {Nun ist es sofort vorbei.} 1-0

[Event "Capablanca Memorial Elite 38th"]
[Site "Havana"]
[Date "2003.05.18"]
[Round "11"]
[White "Bruzon Batista, Lazaro"]
[Black "Andersson, Ulf"]
[Result "1-0"]
[WhiteElo "2613"]
[BlackElo "2594"]
[PlyCount "91"]
[EventDate "2003.05.06"]
[EventType "tourn"]
[EventRounds "11"]
[EventCountry "CUB"]
[EventCategory "13"]
[SourceTitle "CBM 096"]
[Source "ChessBase"]
[SourceDate "2003.09.25"]
[SourceVersion "1"]
[SourceVersionDate "2003.09.25"]
[SourceQuality "1"]

1. e4 c5 2. Nf3 e6 3. d3 Nc6 4. g3 g6 5. Bg2 Bg7 6. c3 Nge7 7. O-O e5 8. a3 O-O 9. b4 cxb4 ({RR} 9... d6 10. Be3 b6 11. Nbd2 Be6 12. Rc1 h6 13. Nh4 d5 14. f4 dxe4 15. dxe4 Qd3 16. Re1 exf4 17. gxf4 cxb4 18. axb4 Rad8 19. Qf3 Qd7 20. Kh1 Bg4 21. Qg3 Bh5 22. e5 Nd5 23. Bg1 Qg4 24. Rf1 {Sanal,V (2597)-Vallejo Pons,F (2716) Sant Boi ESP 2022 ½-½ (80)}) 10. axb4 b5 11. Na3 ({RR} 11. d4 exd4 12. Nxd4 Nxd4 13. cxd4 d5 14. e5 Be6 15. Bg5 Qd7 16. Bxe7 Qxe7 17. Qb3 Rfc8 18. Nd2 Bh6 19. f4 {0-1 (19) Nunez V,D (2166)-Elias Reyes,J (2497) Medellin COL 2025}) 11... Rb8 12. Be3 $146 ({RR} 12. Nc2 d5 13. Be3 a5 14. Bc5 dxe4 15. dxe4 axb4 16. Nxb4 Re8 17. Nd5 Nxd5 18. exd5 Na5 19. Nd2 Bf5 20. Qe2 Bh6 21. Bb4 Nb7 22. Rfd1 e4 23. Nf1 Qb6 24. Ne3 Nd6 25. Kh1 Bxe3 26. fxe3 Ra8 {Maier,C (2360)-Kamber,B (2345) Switzerland 1994 1-0 (37)}) 12... d5 13. Bc5 Re8 14. Nc2 a6 15. Nd2 Bb7 16. Ra3 Rc8 17. Nb3 Nb8 18. Ne3 d4 19. cxd4 exd4 20. Nc2 Nec6 21. Bh3 Nd7 22. Ncxd4 Nxc5 23. Nxc6 Rxc6 24. Nxc5 Rxc5 25. bxc5 a5 26. d4 b4 27. Re3 Qc7 28. Bg2 Ra8 29. Qd2 Rd8 30. e5 Bxg2 31. Kxg2 Bxe5 32. Rd3 Qc6+ 33. f3 Bf6 34. Rc1 Qd5 35. Qc2 Rb8 36. c6 Rc8 37. Qc5 Qxc5 38. Rxc5 Be7 39. Rxa5 Rxc6 40. d5 Rb6 41. Rb3 Kg7 42. f4 Rb7 43. Kf3 Rc7 44. Ra6 Rc1 45. Rd3 Bf6 46. Rc6 1-0

[Event "EU-ch 4th"]
[Site "Istanbul"]
[Date "2003.05.30"]
[Round "1"]
[White "Halkias, Stelios"]
[Black "Nikolic, Predrag"]
[Result "1-0"]
[WhiteElo "2542"]
[BlackElo "2643"]
[PlyCount "55"]
[EventDate "2003.05.30"]
[EventType "swiss"]
[EventRounds "13"]
[EventCountry "TUR"]
[SourceTitle "CBM 096"]
[Source "ChessBase"]
[SourceDate "2003.09.25"]
[SourceVersion "1"]
[SourceVersionDate "2003.09.25"]
[SourceQuality "1"]

1. Nf3 f5 2. d3 d6 3. g3 Nf6 4. Bg2 e5 5. O-O ({RR} 5. c4 g6 6. b4 Bg7 7. Bb2 O-O 8. O-O a5 9. a3 axb4 10. axb4 Rxa1 11. Bxa1 Nc6 12. b5 Ne7 13. Qb3 Kh8 14. c5 e4 15. cxd6 cxd6 16. dxe4 fxe4 17. Nd4 d5 18. Na3 Qd6 19. Nac2 h5 {Vaganian,R (2641)-Tischbierek,R (2527) Luebeck 2001 1-0 (47)}) 5... c6 ({RR} 5... c5 6. c4 Nc6 7. a3 Be7 8. Nc3 O-O 9. Rb1 d5 10. cxd5 Nxd5 11. Nxe5 Nxc3 12. Nxc6 Nxd1 13. Nxd8 Rxd8 14. Rxd1 Rb8 15. Bf4 Bd6 16. Bg5 Re8 17. e3 b6 18. d4 h6 19. Bf4 Bxf4 20. gxf4 {Swiatlowski,L (2199)-Melikhov,E (2178) chess.com INT 2024 1-0 (43)}) 6. c4 Be6 $146 ({RR} 6... g6 7. Nc3 Bg7 8. c5 Be6 9. Ng5 Bg8 10. cxd6 Qxd6 11. Qc2 h6 12. Nf3 Na6 13. Rd1 Be6 14. d4 e4 15. Bf4 Nb4 16. Qa4 Qe7 17. Ne5 Bf7 18. Nxf7 Kxf7 19. Be5 Rhd8 20. e3 Nfd5 21. Nxd5 {Muniz Giron,C-Garcia Fernandez,J (2109) Candas 1999 0-1 (37)}) ({RR} 6... h6 7. e4 fxe4 8. dxe4 Bg4 9. c5 d5 10. exd5 Bxc5 11. Qc2 Bxf3 12. Bxf3 Qe7 13. dxc6 Nxc6 14. Bxc6+ bxc6 15. Be3 Bxe3 16. Qxc6+ Kf7 17. Qc4+ Qe6 18. Qxe6+ Kxe6 19. fxe3 Rab8 20. Rf2 Ne4 21. Rc2 {Hacha,A (2048)-Stolc,M (2039) Czech Republic 2015 ½-½}) 7. Nc3 Nbd7 8. b4 h6 9. Nh4 g5 10. Ng6 Rh7 11. Nxf8 Nxf8 12. a4 Rc8 13. a5 d5 14. b5 cxb5 15. Nxb5 a6 16. Na3 Qxa5 17. cxd5 Bxd5 18. e4 fxe4 19. Bb2 exd3 20. Nc4 Qb4 21. Ra4 Qc5 22. Bxd5 Nxd5 23. Ba3 Qc6 24. Nd6+ Kd8 25. Rc4 Qxc4 26. Nxc4 Rxc4 27. Qxd3 Rd4 28. Qf5 1-0